Kostol rehole Saleziánov na sídlisku Petržalka

Uložené v:
Podrobná bibliografia
Hlavný autor: Lendacký, Richard (Autor)
Ďalší autori: Kuráň, Jozef (Vedúci práce)
Médium: Rukopis Kniha
Jazyk:Slovak
Vydavateľské údaje: 2025
Predmet:
On-line prístup:http://is.stuba.sk/zp/portal_zp.pl?podrobnosti=185115
CRZP
Tagy: Pridať tag
Žiadne tagy, Buďte prvý, kto otaguje tento záznam!

MARC

LEADER 00000ntm a22000003a 4500
001 stuzp106073
003 SK-STU
005 20250728133846.7
007 ta
008 150427s2015----xo-----f-mn---000-0-slo-d
040 |a STU  |b slo 
041 0 |a slo 
100 1 |a Lendacký, Richard  |u 010310  |4 aut  |U SvF Stavebná fakulta  |T SvF Katedra architektúry  |X 114690  |U V181|V310  |Y 19  |7 114690 
242 0 1 |a The Church of the Salesian order in Petržalka neighbourhood  |y eng 
245 1 0 |a Kostol rehole Saleziánov na sídlisku Petržalka 
260 |c 2025 
650 4 |a kostol  |2 slo 
650 4 |a sakrálny priestor  |2 slo 
650 4 |a symbolika  |2 slo 
650 4 |a church  |2 eng 
650 4 |a sacred space  |2 eng 
650 4 |a symbolism  |2 eng 
700 1 |a Kuráň, Jozef  |u 010310  |k Z8  |4 ths  |U SvF Stavebná fakulta  |T SvF Katedra architektúry  |X 710  |U V181|V310  |Y 19  |7 A000000710 
856 4 |u http://is.stuba.sk/zp/portal_zp.pl?podrobnosti=185115 
856 4 |u https://opac.crzp.sk/?fn=detailBiblioForm&sid=C9A1C75A261DD259F982421E26A3  |z CRZP